Qué es la argentina /
Guardado en:
| Otros Autores: | , , , , , , , , |
|---|---|
| Formato: | Libro |
| Publicado: |
Buenos Aires :
Columba,
1970
|
| Series: | Esquemas, no 100
|
| Materias: | |
| Etiquetas: |
Agregar Etiqueta
Sin Etiquetas, Sea el primero en etiquetar este registro!
|
| LEADER | 01785nam a22003255a 4500 | ||
|---|---|---|---|
| 001 | CEM.cems000234 | ||
| 005 | 20060209000000.0 | ||
| 008 | 130507s1970##################000#0#####d | ||
| 003 | CEMS | ||
| 082 | 0 | 4 | |a 982 |
| 245 | 0 | 0 | |a Qué es la argentina / |c Guillermo Ara ; romualdo Brughetti ; mariano Castex ; gustavo F.J. Cirigliano ; augusto R. Cortazar ; alfredo J. Grassi ; ismael Quiles ; francisco Valsecchi ; juan Adolfo Vázquez ; prólogo de Jorge Luis Borges |
| 260 | |a Buenos Aires : |b Columba, |c 1970 | ||
| 300 | |a 365 p. | ||
| 490 | 0 | |a Esquemas, no 100 | |
| 505 | 0 | |a El país: la Argentina en Imágnes / Alfredo J. Grassi -- Literatura: la literatura en la Argentina, hoy / Guillermo Ara -- Arte: el arte en la Argentina, hoy / Romualdo Brughetti -- Ciencia: la ciencia en la Argentina, hoy / Mariano N. Castex -- Educación: la educación en la Argentina, hoy / Gustavo J. Cirigliano -- Folklore: el folklore en la Argentina, hoy / Augusto Raúl Cortazar -- Religión: El catolicismo en la Argentina / Ismael Quiles -- Economía: la economía en la Argentina / Francisco Valsecchi -- Filosofía: la filosofía en la Argentina / Juan Adolfo Vázquez | |
| 653 | |a Historia | ||
| 653 | |a Historia argentina | ||
| 700 | 1 | |a Ara, Guillermo | |
| 700 | 1 | |a Brughetti, Romualdo | |
| 700 | 1 | |a Castex, Mariano | |
| 700 | 1 | |a Cirigliano, Gustavo F.j. | |
| 700 | 1 | |a Cortazar, Augusto R. | |
| 700 | 1 | |a Grassi, Alfredo J. | |
| 700 | 1 | |a Quiles, Ismael | |
| 700 | 1 | |a Valsecchi, Francisco | |
| 700 | 1 | |a Vázquez, Juan Adolfo | |
| 859 | |a CEMS |b BIB. CEMS - 11 de abril |h 982 |i Q3 |p 3764.75 |t Ej.1 | ||
| 859 | |a CEMS |b BIB. CEMS - 11 de abril |h 982 |i Q3 |p 3765.75 |t Ej.3 | ||
| 859 | |a CEMS |b BIB. CEMS - 11 de abril |h 982 |i Q3 |p 3766.75 |t Ej.2 | ||
| 859 | |a CEMS |b BIB. CEMS - 11 de abril |h 982 |i Q3 |p 8179.80 |t Ej.4 | ||
